[Event "29. Erfurter Schachfestival 2019 - Seni"]
[Site "Erfurt"]
[Date "2019.12.30"]
[Round "5.15"]
[White "Abel, Hans-Peter"]
[Black "Hölting, Siegfried"]
[Result "0-1"]
[WhiteElo "1767"]
[BlackElo "1854"]
[PlyCount "110"]
[EventDate "2019.12.26"]

1. Nf3 Nc6 2. c4 e5 3. d3 d6 4. g3 Nf6 5. Bg2 Be7 6. O-O O-O 7. Nc3 h6 8. a3
Be6 9. h3 Qd7 10. Kh2 d5 11. cxd5 Nxd5 12. Bd2 Rad8 13. Qa4 Nb6 14. Qc2 f5 15.
Be3 Bf6 16. Bc5 Rfe8 17. Rad1 Qf7 18. Qb1 Nd5 19. e4 Nb6 20. exf5 Bxf5 21. Ne4
Be6 22. Nxf6+ Qxf6 23. Nd2 Qf7 24. Be3 Nd5 25. Qc2 a6 26. b4 Kh8 27. Nc4 Qg6
28. Be4 Qh5 29. Bg2 Rf8 30. Rde1 Bf5 31. Rd1 Rfe8 32. Rd2 Qg6 33. Nb2 Qe6 34.
Re1 Qf7 35. Qd1 Rf8 36. Qb3 Be6 37. Qc2 Rd7 38. Bc5 Rfd8 39. Be3 Bf5 40. Red1
Qg6 41. Be4 Qh5 42. Bg2 Bg4 43. Re1 Bf3 44. Qc5 Bxg2 45. Kxg2 e4 46. g4 Qf7 47.
Nd1 Ne5 48. Bxh6 Nxd3 49. Bxg7+ Qxg7 50. Rxd3 Nf4+ 51. Kh2 Rxd3 52. Ne3 b6 53.
Qc4 Qe5 54. h4 Rxe3 55. fxe3 Nd3+ 0-1

[Event "29. Erfurter Schachfestival 2019 - Seni"]
[Site "Erfurt"]
[Date "2019.12.30"]
[Round "5.16"]
[White "Feld-Gerdes, Wolfgang"]
[Black "Kirste, Olaf"]
[Result "1-0"]
[WhiteElo "2080"]
[BlackElo "1891"]
[PlyCount "73"]
[EventDate "2019.12.26"]

1. d4 g6 2. Nc3 Bg7 3. e4 d6 4. f4 c6 5. Be3 Nf6 6. Be2 O-O 7. Nf3 Nbd7 8. e5
Ng4 9. Bg1 Nb6 10. h3 Nh6 11. g4 f6 12. exf6 exf6 13. Qd2 Be6 14. b3 Kh8 15.
Bf2 Re8 16. Kf1 Qd7 17. Nd1 Re7 18. c4 Rae8 19. Ne3 d5 20. c5 Na8 21. Bd3 Nc7
22. Re1 Bg8 23. Bg3 Ne6 24. Kf2 Nf7 25. h4 Nf8 26. g5 f5 27. Ne5 Bxe5 28. fxe5
Ne6 29. Nc2 Kg7 30. Bf4 Nfd8 31. h5 Rf7 32. hxg6 hxg6 33. Rh6 Qe7 34. Rg1 Nxf4
35. Qxf4 Ne6 36. Qh4 Nf8 37. Rxg6+ 1-0

[Event "29. Erfurter Schachfestival 2019 - Seni"]
[Site "Erfurt"]
[Date "2019.12.30"]
[Round "5.17"]
[White "Everett, Brian"]
[Black "Kolling, Peter Josef"]
[Result "1-0"]
[WhiteElo "1823"]
[BlackElo "1658"]
[PlyCount "49"]
[EventDate "2019.12.26"]

1. Nf3 d5 2. b4 Bg4 3. Bb2 e6 4. h3 Bxf3 5. exf3 Nf6 6. b5 Nbd7 7. Be2 Bd6 8.
O-O O-O 9. a4 Nh5 10. Re1 Qg5 11. Bf1 Qf4 12. g3 Nxg3 13. fxg3 Qxg3+ 14. Bg2
Qh2+ 15. Kf1 Nf6 16. Ba3 Bf4 17. Bxf8 Nh5 18. Bc5 Ng3+ 19. Kf2 Nf5 20. Rh1 Qg3+
21. Kg1 Nh4 22. Qe2 Qg6 23. Na3 Nf5 24. Qd3 Nh4 25. Qxg6 1-0

[Event "29. Erfurter Schachfestival 2019 - Seni"]
[Site "Erfurt"]
[Date "2019.12.30"]
[Round "5.18"]
[White "Flockerzi, Armin"]
[Black "Loose, Helmut"]
[Result "0-1"]
[WhiteElo "1696"]
[BlackElo "1809"]
[PlyCount "81"]
[EventDate "2019.12.26"]

1. Nf3 d5 2. d4 e6 3. g3 Nf6 4. Bg2 b6 5. O-O Bb7 6. Re1 Nbd7 7. Nbd2 Bd6 8. c3
O-O 9. Qc2 c5 10. e3 Rc8 11. Qa4 Bc6 12. Qd1 c4 13. Nh4 g5 14. Nhf3 h6 15. Nf1
Ne4 16. N3d2 f5 17. Nxe4 fxe4 18. Nd2 Nf6 19. Bh3 Qe7 20. Rf1 Bd7 21. Qe2 Qg7
22. a4 g4 23. Bg2 Nh7 24. h3 gxh3 25. Bxh3 Ng5 26. Bg2 Rf6 27. b3 cxb3 28. Bb2
Rcf8 29. Nxb3 Nf3+ 30. Bxf3 exf3 31. Qe1 Qg6 32. Ba3 Bxg3 33. fxg3 f2+ 34. Rxf2
Rxf2 35. Qxf2 Rxf2 36. Kxf2 Qc2+ 37. Kf3 Qxb3 38. Bb4 a5 39. Bd6 Qxc3 40. Rh1
Qd3 41. Bf4 0-1

[Event "29. Erfurter Schachfestival 2019 - Seni"]
[Site "Erfurt"]
[Date "2019.12.30"]
[Round "5.19"]
[White "Rauscher, Joachim"]
[Black "Hülle, Gunter"]
[Result "1-0"]
[WhiteElo "1807"]
[BlackElo "1699"]
[PlyCount "58"]
[EventDate "2019.12.26"]

1. e4 e6 2. d4 d5 3. Nd2 Nf6 4. Bd3 dxe4 5. Nxe4 Nxe4 6. Bxe4 f5 7. Bd3 c6 8.
c3 Nd7 9. Qe2 Qe7 10. Nf3 h6 11. O-O g5 12. Re1 Nb6 13. Ne5 Rg8 14. Qh5+ Kd8
15. Bxf5 Qf6 16. Bh3 Rg7 17. g3 Bd6 18. c4 Bxe5 19. dxe5 Qg6 20. Rd1+ Bd7 21.
Qe2 Qf7 22. a4 Kc7 23. a5 Nc8 24. b4 a6 25. Be3 Qe7 26. Bc5 Qe8 27. Bd6+ Nxd6
28. Rxd6 Rd8 29. Qe3 Bc8 1-0

[Event "29. Erfurter Schachfestival 2019 - Seni"]
[Site "Erfurt"]
[Date "2019.12.30"]
[Round "5.20"]
[White "Schulz, Uwe"]
[Black "Wozny, Michael"]
[Result "1/2-1/2"]
[WhiteElo "1842"]
[BlackElo "1906"]
[PlyCount "53"]
[EventDate "2019.12.26"]

1. d4 d5 2. c4 e6 3. Nf3 Nf6 4. g3 Be7 5. Bg2 O-O 6. O-O Ne4 7. Qc2 c6 8. Nbd2
f5 9. Ne5 Bf6 10. f3 Nd6 11. c5 Nb5 12. e3 Nd7 13. Nxd7 Bxd7 14. a4 Nc7 15. f4
b6 16. b4 Na6 17. Ba3 Nc7 18. Rab1 b5 19. Nf3 a5 20. Ne5 bxa4 21. Qxa4 Nb5 22.
Qb3 Bxe5 23. fxe5 a4 24. Qb2 Bc8 25. Rfe1 Ba6 26. Bf1 Qe7 27. Bxb5 1/2-1/2

[Event "29. Erfurter Schachfestival 2019 - Seni"]
[Site "Erfurt"]
[Date "2019.12.30"]
[Round "5.21"]
[White "Wolkenstein, Eckhardt"]
[Black "Welsch, Dieter Sen"]
[Result "0-1"]
[WhiteElo "1589"]
[BlackElo "1794"]
[PlyCount "90"]
[EventDate "2019.12.26"]

1. d4 d5 2. c4 c6 3. cxd5 cxd5 4. Nc3 Nf6 5. Bf4 Bd7 6. Rc1 Nc6 7. e3 e6 8. Nf3
a6 9. Ne5 Nxe5 10. dxe5 Ng8 11. Bd3 Ne7 12. Bg5 h6 13. Bh4 Qb6 14. Rc2 Nc6 15.
f4 Qxe3+ 16. Ne2 Bb4+ 17. Kf1 Qb6 18. a3 Be7 19. Bf2 Qd8 20. Nd4 O-O 21. Ke2 f6
22. Re1 fxe5 23. Nxc6 Bxc6 24. fxe5 Bg5 25. Kf1 Bh4 26. g3 Bg5 27. Kg1 Ba4 28.
Qh5 Bxc2 29. Bxc2 Qe8 30. Bg6 Qe7 31. h4 Bd2 32. Re2 Ba5 33. Rc2 d4 34. Bd3 Qe8
35. Bg6 Qe7 36. Bxd4 Rad8 37. Bc5 Qd7 38. Bd6 Bb6+ 39. Kg2 Qb5 40. Bxf8 Rxf8
41. Be4 Qf1+ 42. Kh2 Bg1+ 43. Kh1 Bf2+ 44. Kh2 Qg1+ 45. Kh3 Qxg3# 0-1

[Event "29. Erfurter Schachfestival 2019 - Seni"]
[Site "Erfurt"]
[Date "2019.12.30"]
[Round "5.22"]
[White "Reitmaier, Adolf"]
[Black "Teichmann, Axel"]
[Result "1-0"]
[WhiteElo "1550"]
[BlackElo "1716"]
[PlyCount "49"]
[EventDate "2019.12.26"]

1. c4 Nf6 2. d4 d5 3. cxd5 Qxd5 4. Nc3 Qa5 5. Qa4+ Qxa4 6. Nxa4 e6 7. a3 Bd7 8.
Nc3 Nc6 9. Nf3 a6 10. e4 b5 11. e5 Nd5 12. Nxd5 exd5 13. b4 Bg4 14. Be3 Be7 15.
Nd2 h6 16. Bd3 Bg5 17. f4 Be7 18. Nb3 g6 19. O-O O-O 20. f5 Kh7 21. Rac1 Bxf5
22. Bxf5 gxf5 23. Rxc6 Bg5 24. Bxg5 hxg5 25. Rxf5 1-0

[Event "29. Erfurter Schachfestival 2019 - Seni"]
[Site "Erfurt"]
[Date "2019.12.30"]
[Round "5.24"]
[White "Bartsch, Marius"]
[Black "Jackisch, Johannes"]
[Result "1-0"]
[WhiteElo "1638"]
[BlackElo "1600"]
[PlyCount "83"]
[EventDate "2019.12.26"]

1. d4 d5 2. Nc3 Nc6 3. e4 e6 4. e5 Bb4 5. a3 Bxc3+ 6. bxc3 f6 7. Nf3 fxe5 8.
dxe5 Nge7 9. Bd3 O-O 10. Bxh7+ Kxh7 11. Ng5+ Kg6 12. Qg4 Nxe5 13. Qg3 Kf6 14.
Nh7+ Kf7 15. Nxf8 Nf5 16. Qxe5 Kxf8 17. O-O c6 18. Be3 Qf6 19. Bd4 Nxd4 20.
cxd4 Qxe5 21. dxe5 c5 22. c3 b5 23. f4 Rb8 24. Rab1 a5 25. Rb2 Bd7 26. Kf2 Bc8
27. Ke3 Ba6 28. Rfb1 Ke7 29. g4 Rd8 30. Rd2 Rh8 31. Rf2 Rh3+ 32. Kd2 Rh4 33.
Rg2 Rh3 34. Ra1 Rf3 35. f5 exf5 36. gxf5 Rxf5 37. Rxg7+ Ke6 38. Rg6+ Kxe5 39.
Rxa6 Ke4 40. Re6+ Kf4 41. Rf1+ Kg5 42. h4+ 1-0

[Event "29. Erfurter Schachfestival 2019 - Seni"]
[Site "Erfurt"]
[Date "2019.12.30"]
[Round "5.25"]
[White "Helm, Helga"]
[Black "Bangert, Ruediger"]
[Result "1-0"]
[WhiteElo "1555"]
[BlackElo "1524"]
[PlyCount "101"]
[EventDate "2019.12.26"]

1. e4 d6 2. Nf3 Nf6 3. Nc3 g6 4. d4 Bg7 5. d5 Bg4 6. Be2 c6 7. h3 Bxf3 8. Bxf3
O-O 9. O-O cxd5 10. Nxd5 Nxd5 11. exd5 Nd7 12. Rb1 Ne5 13. b3 Qa5 14. a4 Nxf3+
15. Qxf3 Qc5 16. c4 a5 17. Be3 Qc7 18. Rfd1 b6 19. Qe2 Bc3 20. Bd2 Be5 21. Qd3
Qd7 22. Bc3 f6 23. Re1 e6 24. dxe6 Qxe6 25. f4 Rad8 26. fxe5 dxe5 27. Qf3 Rf7
28. Rbd1 Rc8 29. Qd5 Qf5 30. Qe4 Qe6 31. Rd2 Re8 32. Red1 f5 33. Qd5 Qf6 34.
Re2 f4 35. Rxe5 Rxe5 36. Qxe5 Qxe5 37. Bxe5 g5 38. Rd8+ Rf8 39. Rxf8+ Kxf8 40.
Bc7 h5 41. Bxb6 Kf7 42. Bxa5 Ke6 43. Bc3 Kf5 44. a5 g4 45. Be1 g3 46. a6 Ke4
47. a7 Ke3 48. a8=Q h4 49. Qf3+ Kd4 50. Qxf4+ Kc5 51. Qxh4 1-0

[Event "29. Erfurter Schachfestival 2019 - Meis"]
[Site "Erfurt"]
[Date "2019.12.26"]
[Round "1.1"]
[White "Heinke, Jasper"]
[Black "Abel, Dennes"]
[Result "0-1"]
[WhiteElo "2066"]
[BlackElo "2463"]
[PlyCount "116"]
[EventDate "2019.12.26"]

1. d4 d5 2. c4 c6 3. Nc3 Nf6 4. Nf3 e6 5. Bg5 h6 6. Bxf6 Qxf6 7. e3 Nd7 8. cxd5
exd5 9. Bd3 Bd6 10. Rb1 Qe7 11. Qc2 O-O 12. O-O Nf6 13. h3 Bd7 14. Rfc1 Rae8
15. Bf5 Bxf5 16. Qxf5 g6 17. Qd3 Ne4 18. Rc2 f5 19. Ra1 Rf7 20. a3 g5 21. Nd2
g4 22. hxg4 Rg7 23. Nf1 Nxc3 24. Rxc3 fxg4 25. b4 a6 26. Ng3 Bxg3 27. fxg3 Qd6
28. Rf1 Qxg3 29. Qf5 Qd6 30. Rcc1 Rxe3 31. Qc8+ Kh7 32. Rf8 Qe6 33. Rh8+ Kg6
34. Qxe6+ Rxe6 35. Rf1 Re4 36. Rd8 g3 37. Rd6+ Kh7 38. Rff6 Re1+ 39. Rf1 Rge7
40. a4 R7e2 41. Rd7+ Kg6 42. Rxb7 Rxf1+ 43. Kxf1 Rf2+ 44. Kg1 Rd2 45. Kf1 Rxd4
46. Rb6 Rf4+ 47. Ke1 Kg5 48. Rxc6 Rxb4 49. Rxa6 Rb2 50. Kf1 Rf2+ 51. Kg1 d4 52.
Re6 Ra2 53. Re1 Rxa4 54. Rd1 d3 55. Kf1 Ra3 56. Ke1 Kf4 57. Kd2 Ra2+ 58. Kxd3
Rxg2 0-1

[Event "29. Erfurter Schachfestival 2019 - Meis"]
[Site "Erfurt"]
[Date "2019.12.26"]
[Round "1.2"]
[White "Lagunow, Raphael"]
[Black "Minor, Viatcheslav"]
[Result "1/2-1/2"]
[WhiteElo "2424"]
[BlackElo "2062"]
[PlyCount "89"]
[EventDate "2019.12.26"]

1. e4 e6 2. d4 d5 3. Nd2 c5 4. exd5 Qxd5 5. Ngf3 cxd4 6. Bc4 Qd6 7. O-O Nf6 8.
Nb3 Nc6 9. Nbxd4 Nxd4 10. Nxd4 a6 11. Re1 Qc7 12. Bf1 Bd6 13. g3 O-O 14. Bg5
Kh8 15. Bg2 e5 16. Bxf6 gxf6 17. Nf3 Bf5 18. c3 Rab8 19. Nh4 Bg6 20. Qf3 Be7
21. Nf5 b5 22. Ne3 e4 23. Qg4 Qe5 24. Qf4 Rfd8 25. Rad1 Rd3 26. Bf1 Rxd1 27.
Rxd1 Rd8 28. Rxd8+ Bxd8 29. Qxe5 fxe5 30. a4 bxa4 31. Bxa6 Be7 32. Nc2 Bg5 33.
Ne3 Be7 34. Nc4 f6 35. Bb5 Bf7 36. Nd2 a3 37. bxa3 Bxa3 38. Nxe4 Kg7 39. c4 f5
40. Nc3 Kf6 41. Kf1 e4 42. f3 Ke5 43. fxe4 fxe4 44. Ne2 Bc5 45. Nf4 1/2-1/2

[Event "29. Erfurter Schachfestival 2019 - Meis"]
[Site "Erfurt"]
[Date "2019.12.26"]
[Round "1.3"]
[White "Bonnelykke, Ole"]
[Black "Gschnitzer, Adrian"]
[Result "0-1"]
[WhiteElo "2059"]
[BlackElo "2408"]
[PlyCount "62"]
[EventDate "2019.12.26"]

1. e4 c6 2. Nc3 d5 3. Nf3 Bg4 4. h3 Bxf3 5. Qxf3 e6 6. exd5 cxd5 7. d4 Nc6 8.
Bb5 Bd6 9. O-O Nge7 10. Bf4 O-O 11. Ne2 Bxf4 12. Qxf4 Qb6 13. Bxc6 bxc6 14. b3
a5 15. Nc3 Ng6 16. Qd2 e5 17. Rad1 e4 18. Na4 Qc7 19. f4 Rae8 20. Qe3 f5 21.
Nc5 Kh8 22. g3 Qd6 23. c4 Ne7 24. Qc3 Ng8 25. a4 Nf6 26. Qe3 Nh5 27. cxd5 cxd5
28. Rf2 g5 29. fxg5 Nxg3 30. Rg2 Nh5 31. Qe2 Qg3 0-1

[Event "29. Erfurter Schachfestival 2019 - Meis"]
[Site "Erfurt"]
[Date "2019.12.26"]
[Round "1.4"]
[White "Langheinrich, Ferenc"]
[Black "Dobierzin, Olaf"]
[Result "1/2-1/2"]
[WhiteElo "2378"]
[BlackElo "2056"]
[PlyCount "83"]
[EventDate "2019.12.26"]

1. e4 c5 2. Nf3 d6 3. Bb5+ Bd7 4. c4 Nc6 5. Nc3 Nf6 6. O-O g6 7. d3 Bg7 8. h3
O-O 9. Bg5 a6 10. Bxc6 Bxc6 11. Qd2 b5 12. b3 b4 13. Ne2 a5 14. a4 Nd7 15. Rad1
Re8 16. Nh2 Nf8 17. Bh6 Ne6 18. Bxg7 Kxg7 19. Qb2+ f6 20. f4 Nf8 21. f5 g5 22.
h4 h6 23. hxg5 hxg5 24. Ng4 Nd7 25. Ng3 Rh8 26. Ne3 Ne5 27. Kf2 Qb6 28. Qe2 Rh4
29. Nh5+ Kf7 30. Rh1 Rxh1 31. Rxh1 Rh8 32. Rh3 Qd8 33. Ke1 Bb7 34. Kd2 Bc6 35.
Kc2 Bb7 36. Qd1 Ba6 37. Kd2 Bb7 38. Kc2 Bc6 39. Qh1 Qf8 40. g4 Bb7 41. Kd2 Bc6
42. Kc2 1/2-1/2

[Event "29. Erfurter Schachfestival 2019 - Meis"]
[Site "Erfurt"]
[Date "2019.12.26"]
[Round "1.5"]
[White "Fichtner, Ewald"]
[Black "Meissner, Felix"]
[Result "0-1"]
[WhiteElo "2055"]
[BlackElo "2377"]
[PlyCount "94"]
[EventDate "2019.12.26"]

1. d4 Nf6 2. Bf4 e6 3. e3 b6 4. Nf3 Bb7 5. Nbd2 d6 6. Bd3 Nbd7 7. c3 Qe7 8. e4
e5 9. dxe5 dxe5 10. Bg5 Nc5 11. Qe2 O-O-O 12. Bc2 Ba6 13. c4 Ne6 14. Be3 Ng4
15. O-O Nxe3 16. Qxe3 Qf6 17. Qc3 g5 18. Rfd1 Bd6 19. Nf1 g4 20. Ne1 Nd4 21.
Rd2 Qe7 22. a3 Qe6 23. Ne3 Be7 24. b4 Bg5 25. b5 Bb7 26. Rad1 Rhg8 27. Kh1 h5
28. c5 Nxb5 29. Rxd8+ Rxd8 30. Rxd8+ Bxd8 31. Qb4 Nd4 32. cxb6 axb6 33. Bd3 Be7
34. Qb2 Qb3 35. Qxb3 Nxb3 36. Bc4 Nd2 37. Bxf7 Nxe4 38. f3 gxf3 39. Nxf3 Nf2+
40. Kg1 Nd3 41. Nc2 Bc5+ 42. Kh1 e4 43. Nfd4 h4 44. h3 Ne1 45. Bc4 Nxc2 46.
Nxc2 Kd7 47. Nb4 Kd6 0-1

[Event "29. Erfurter Schachfestival 2019 - Meis"]
[Site "Erfurt"]
[Date "2019.12.26"]
[Round "1.6"]
[White "Lagunow, Alexander"]
[Black "Sauer, Marko"]
[Result "1-0"]
[WhiteElo "2374"]
[BlackElo "2053"]
[PlyCount "117"]
[EventDate "2019.12.26"]

1. Nf3 Nf6 2. c4 b6 3. g3 Bb7 4. Bg2 e6 5. O-O Be7 6. d4 d5 7. cxd5 exd5 8. Nc3
O-O 9. Ne5 Nbd7 10. Qa4 Nxe5 11. dxe5 Ne4 12. Nxe4 dxe4 13. Bxe4 Bxe4 14. Qxe4
Qd7 15. Be3 Rad8 16. f4 Qb5 17. Qc2 Rd7 18. a4 Qb4 19. Rad1 Rfd8 20. Rxd7 Rxd7
21. Qc6 Rd8 22. Qxc7 Kf8 23. Qc2 Kg8 24. b3 h6 25. Rc1 Bc5 26. Bxc5 bxc5 27.
Qxc5 Qxb3 28. Qxa7 Rd1+ 29. Rxd1 Qxd1+ 30. Kf2 Qh1 31. Qb8+ Kh7 32. Qb3 Qxh2+
33. Ke1 Qg1+ 34. Kd2 Kg8 35. Qc3 Qg2 36. a5 Qd5+ 37. Kc1 Qh1+ 38. Kb2 Qb7+ 39.
Ka3 Qe7+ 40. Qb4 Qc7 41. a6 Qc1+ 42. Ka4 Qc2+ 43. Qb3 Qc6+ 44. Qb5 Qc2+ 45. Ka5
Qc7+ 46. Kb4 Qa7 47. Kc4 Kh7 48. Qb7 Qe3 49. a7 Qxe2+ 50. Kc5 Qe3+ 51. Kd6 Qa3+
52. Kd7 Qd3+ 53. Ke7 Qa3+ 54. Kxf7 Qa2+ 55. e6 Qc2 56. a8=Q Qf5+ 57. Ke7 Qf6+
58. Kd7 h5 59. Qe4+ 1-0

[Event "29. Erfurter Schachfestival 2019 - Meis"]
[Site "Erfurt"]
[Date "2019.12.26"]
[Round "1.7"]
[White "Barthel, Ansgar"]
[Black "Paul, Johannes"]
[Result "1/2-1/2"]
[WhiteElo "2052"]
[BlackElo "2374"]
[PlyCount "116"]
[EventDate "2019.12.26"]

1. e4 e6 2. d4 d5 3. Nc3 Bb4 4. exd5 exd5 5. Bd3 c6 6. Nge2 Ne7 7. Ng3 Nd7 8.
O-O O-O 9. Nce2 Re8 10. c3 Bd6 11. Qc2 Nf8 12. Bf4 a5 13. a4 Neg6 14. Bxd6 Qxd6
15. Rfe1 Nh4 16. Rad1 Qf6 17. Nc1 Bg4 18. Be2 Be6 19. Bf1 Bg4 20. Be2 Be6 21.
Bf1 Re7 22. Qd2 Rae8 23. Nd3 Bg4 24. Rxe7 Rxe7 25. Re1 Nfg6 26. Rxe7 Qxe7 27.
Be2 Bd7 28. Qe3 Qxe3 29. fxe3 f5 30. Nh5 Ne7 31. Ne5 Bc8 32. Nf4 Nhg6 33. Nfxg6
Nxg6 34. Nd3 Kf7 35. b4 axb4 36. cxb4 Kf6 37. Kf2 Ne7 38. a5 g5 39. g3 Ke6 40.
Nc5+ Kd6 41. Bd3 h6 42. h4 Ng8 43. hxg5 hxg5 44. Be2 Nf6 45. Bf3 Ne4+ 46. Bxe4
dxe4 47. g4 Kc7 48. gxf5 Bxf5 49. d5 cxd5 50. Nb3 Bd7 51. Nd4 b6 52. axb6+ Kxb6
53. Kg3 Kc7 54. Nb3 Kd6 55. Nd4 Bc8 56. Kf2 Kc7 57. Kg3 Bd7 58. Kf2 Kb6 1/2-1/2

[Event "29. Erfurter Schachfestival 2019 - Meis"]
[Site "Erfurt"]
[Date "2019.12.26"]
[Round "1.8"]
[White "Nothnagel, Marian Can"]
[Black "King, Alexander"]
[Result "1-0"]
[WhiteElo "2369"]
[BlackElo "2052"]
[PlyCount "69"]
[EventDate "2019.12.26"]

1. e4 c6 2. d4 d5 3. Nd2 dxe4 4. Nxe4 Bf5 5. Ng3 Bg6 6. N1e2 e6 7. Nf4 Bd6 8.
c3 Nf6 9. h4 Bxf4 10. Bxf4 h6 11. Qb3 b6 12. Qa3 a5 13. h5 Bh7 14. Be2 Nbd7 15.
Bd6 Ne4 16. Nxe4 Bxe4 17. f3 Bh7 18. Kf2 Nf6 19. c4 Qd7 20. Rad1 a4 21. Bb4 Qc7
22. g3 Qa7 23. g4 Rc8 24. Bd6 Rd8 25. Rhe1 Rd7 26. d5 c5 27. dxe6 fxe6 28. Qe3
Kf7 29. Bf1 Rc8 30. g5 hxg5 31. Qxg5 Bf5 32. h6 gxh6 33. Qxh6 Rg8 34. Bh3 Rg6
35. Qf8# 1-0

[Event "29. Erfurter Schachfestival 2019 - Meis"]
[Site "Erfurt"]
[Date "2019.12.26"]
[Round "1.9"]
[White "Chassard, Cedric"]
[Black "Stein, Robert"]
[Result "0-1"]
[WhiteElo "2049"]
[BlackElo "2327"]
[PlyCount "166"]
[EventDate "2019.12.26"]

1. e4 e5 2. Nf3 Nc6 3. Bc4 Bc5 4. c3 Nf6 5. d4 exd4 6. cxd4 Bb4+ 7. Nbd2 d5 8.
exd5 Nxd5 9. O-O O-O 10. a3 Be7 11. Qc2 Nb6 12. Bd3 h6 13. Re1 Bf6 14. Nb3 Be6
15. Be4 Bxb3 16. Qxb3 Nxd4 17. Nxd4 Bxd4 18. Bxb7 Rb8 19. Bf3 Qf6 20. Rb1 Nd7
21. Qc2 Ne5 22. Qe4 Rfe8 23. Be3 c5 24. b4 Bxe3 25. Qxe3 cxb4 26. axb4 Re7 27.
Be4 Rbe8 28. f3 Nc4 29. Qd3 Qb6+ 30. Kf1 Nd6 31. Qe3 Nxe4 32. fxe4 Qxe3 33.
Rxe3 Rxe4 34. Rxe4 Rxe4 35. Ra1 Re7 36. Ra5 Kf8 37. b5 Ke8 38. Ra6 Rb7 39. Ke2
Kd7 40. Kd3 Kc7 41. Kc4 Kb8 42. Ra2 Rd7 43. Kc5 Kb7 44. Kb4 Rd5 45. Kc4 Rf5 46.
Rd2 h5 47. Rd7+ Kb6 48. Rd6+ Kc7 49. Ra6 Kb7 50. Ra2 h4 51. Rd2 g5 52. h3 Rf1
53. Re2 Kb6 54. Re5 Rf4+ 55. Kc3 f6 56. Re7 Rf5 57. Rf7 Rf2 58. Kc4 Rf4+ 59.
Kc3 Kxb5 60. Rxa7 Rf2 61. Rf7 Kc5 62. Kd3 Kd5 63. Ke3 Ke6 64. g4 hxg3 65. Ra7
Rh2 66. Ra6+ Kf5 67. Kf3 g2 68. Ra5+ Kg6 69. Kf2 Rxh3 70. Kxg2 Rb3 71. Ra2 f5
72. Ra6+ Kh5 73. Ra8 Kg4 74. Ra4+ f4 75. Ra2 Kh4 76. Ra8 Kg4 77. Ra2 Rg3+ 78.
Kh2 Re3 79. Rg2+ Kh4 80. Kh1 Re1+ 81. Kh2 g4 82. Ra2 f3 83. Ra1 g3# 0-1

[Event "29. Erfurter Schachfestival 2019 - Meis"]
[Site "Erfurt"]
[Date "2019.12.26"]
[Round "1.10"]
[White "Derichs, Roger"]
[Black "Pedersen, Lars Wilton"]
[Result "1/2-1/2"]
[WhiteElo "2311"]
[BlackElo "2047"]
[PlyCount "102"]
[EventDate "2019.12.26"]

1. Nf3 Nf6 2. c4 g6 3. Nc3 Bg7 4. e4 d6 5. d4 O-O 6. Be3 Nbd7 7. Nd2 c5 8. d5
e5 9. Be2 Ne8 10. g4 Bf6 11. Nf3 Ng7 12. Qd2 a6 13. O-O-O Be7 14. Rdg1 b5 15.
Bh6 b4 16. Nd1 Nf6 17. Ng5 Kh8 18. Ne3 Ng8 19. Bxg7+ Kxg7 20. Nf3 Kh8 21. h4
Nf6 22. Bd3 h5 23. Nf5 gxf5 24. Qh6+ Nh7 25. gxf5 Rg8 26. Qxh5 Rxg1+ 27. Rxg1
Qf8 28. Ng5 Bxg5+ 29. hxg5 Ra7 30. Rh1 Qg8 31. g6 fxg6 32. fxg6 Rg7 33. gxh7
Rxh7 34. Qd1 Rxh1 35. Qxh1+ Qh7 36. Qf3 Kg7 37. Be2 Qh6+ 38. Kc2 Qg5 39. a3 a5
40. Bf1 Bd7 41. Bh3 Ba4+ 42. b3 Be8 43. axb4 axb4 44. Bf5 Bh5 45. Qh1 Kh6 46.
Qh2 Kg7 47. Qh3 Kh6 48. Bd7 Qg1 49. Qe6+ Bg6 50. Qf6 Qe1 51. Qh4+ Kg7 1/2-1/2

[Event "29. Erfurter Schachfestival 2019 - Meis"]
[Site "Erfurt"]
[Date "2019.12.26"]
[Round "1.11"]
[White "Easwaralingam, Adesh"]
[Black "Kuznecovs, Nikita"]
[Result "1/2-1/2"]
[WhiteElo "2045"]
[BlackElo "2306"]
[Annotator "Kohlstaedt,Juergen"]
[PlyCount "96"]
[EventDate "2019.12.26"]

1. e4 c5 2. Nf3 d6 3. d4 cxd4 4. Nxd4 Nf6 5. Nc3 a6 6. Be2 g6 7. Be3 b5 8. e5
dxe5 9. Bf3 Bg4 10. Bxg4 exd4 11. Bxd4 Nc6 12. Bxf6 exf6 13. Qe2+ Qe7 14. Nd5
Qxe2+ 15. Kxe2 Rd8 16. Rad1 Bg7 17. Nc7+ Ke7 18. Rhe1 f5 19. Kf1+ Kf6 20. Bf3
Nd4 21. Rxd4 Rxd4 22. Ne8+ Kg5 23. Nxg7 Rdd8 24. Bc6 Rc8 25. Bd7 Rc7 26. h4+
Kxh4 27. Nxf5+ gxf5 28. Bxf5 Kg5 29. Bd3 Kf6 30. Re4 Rc5 31. a4 bxa4 32. Rxa4
a5 33. Rd4 Rb8 34. b3 h6 35. Rd7 Re8 36. Bc4 Rxc4 37. bxc4 Ra8 38. Ke2 a4 39.
Rd1 Re8+ 40. Kf3 Rc8 41. Rd4 Ke5 42. Rd5+ Ke6 43. Ra5 Rxc4 44. Ke3 Kd6 45. Kd3
Rf4 46. f3 Rh4 47. c4 Rh2 {(=)} 48. Rxa4 h5 1/2-1/2

[Event "29. Erfurter Schachfestival 2019 - Meis"]
[Site "Erfurt"]
[Date "2019.12.26"]
[Round "1.12"]
[White "Klein, Felix"]
[Black "Kroneder, Christian"]
[Result "1-0"]
[WhiteElo "2304"]
[BlackElo "2045"]
[PlyCount "55"]
[EventDate "2019.12.26"]

1. e4 c5 2. Nf3 d6 3. d4 cxd4 4. Nxd4 Nf6 5. Nc3 a6 6. f3 e5 7. Nb3 Be6 8. Be3
b5 9. Qd2 Nbd7 10. O-O-O Be7 11. g4 b4 12. Nd5 Bxd5 13. exd5 Nb6 14. Na5 Nbxd5
15. Nc6 Qc7 16. Nxb4 Nxb4 17. Qxb4 O-O 18. Qb6 Qd7 19. g5 Rfb8 20. Qa5 Nh5 21.
Qxe5 Qb7 22. Qd4 d5 23. b3 Qc7 24. Bh3 Rb5 25. Kb1 Rd8 26. Bf4 Rb4 27. Qd2 Nxf4
28. c3 1-0

[Event "29. Erfurter Schachfestival 2019 - Meis"]
[Site "Erfurt"]
[Date "2019.12.26"]
[Round "1.13"]
[White "Haack, Kevin"]
[Black "Strache, Michael"]
[Result "0-1"]
[WhiteElo "2042"]
[BlackElo "2301"]
[PlyCount "56"]
[EventDate "2019.12.26"]

1. c4 f5 2. g3 Nf6 3. Bg2 g6 4. Nc3 Bg7 5. d3 O-O 6. e3 d6 7. Nge2 e5 8. O-O
Qe8 9. Rb1 a5 10. a3 Kh8 11. b4 axb4 12. axb4 g5 13. f4 h6 14. b5 Qg6 15. Nd5
Nxd5 16. cxd5 exf4 17. gxf4 Ra2 18. Bd2 Nd7 19. Bc3 Nf6 20. Ra1 Rxa1 21. Bxa1
Bd7 22. Nd4 gxf4 23. exf4 Nxd5 24. Qf3 c6 25. Rc1 Ra8 26. Qf2 Nb4 27. Rb1 Ra2
28. Ne2 Rxa1 0-1

[Event "29. Erfurter Schachfestival 2019 - Meis"]
[Site "Erfurt"]
[Date "2019.12.26"]
[Round "1.14"]
[White "Wichmann, Cliff"]
[Black "Zech, Andreas"]
[Result "1-0"]
[WhiteElo "2298"]
[BlackElo "2038"]
[PlyCount "153"]
[EventDate "2019.12.26"]

1. d4 d5 2. c4 e6 3. Nf3 Nf6 4. Nc3 c6 5. e3 Nbd7 6. Qc2 a6 7. Bd3 dxc4 8. Bxc4
b5 9. Be2 c5 10. O-O Bb7 11. Rd1 Rc8 12. dxc5 Bxc5 13. Qb1 Qc7 14. a3 O-O 15.
h3 Ne5 16. Bd2 Rfd8 17. Be1 Ba7 18. Nd2 Bb8 19. Nf1 Qc6 20. f3 Ba7 21. Qa2 h6
22. Rac1 Rxd1 23. Rxd1 Nc4 24. Bxc4 Qxc4 25. Qxc4 Rxc4 26. Kf2 Kf8 27. Ke2 Ke8
28. e4 Bb6 29. Ne3 Rd4 30. Rc1 Nd7 31. Nc2 Rc4 32. Bg3 Nc5 33. Ne3 Nb3 34. Nxc4
Nxc1+ 35. Kd1 bxc4 36. Kxc1 Kd7 37. Kc2 Bc6 38. Ne2 g5 39. Be5 Ba4+ 40. Kd2 Ke7
41. Bg7 Ba5+ 42. Ke3 Bb6+ 43. Bd4 Bc7 44. e5 Kd7 45. Nc3 Bc2 46. g4 Kc6 47. Ne4
Bd8 48. Nd6 f5 49. Nf7 Ba5 50. Nxh6 f4+ 51. Kf2 Kd5 52. Bc3 Bb6+ 53. Kg2 Bg6
54. Ng8 Bd8 55. Kf2 Bf7 56. Nf6+ Bxf6 57. exf6 e5 58. Bb4 Ke6 59. Be7 Be8 60.
Bd8 Kd7 61. f7 Bxf7 62. Bxg5 Ke6 63. h4 Bg6 64. h5 Bd3 65. Bd8 e4 66. Bc7 exf3
67. Kxf3 Kf6 68. Bxf4 Bc2 69. Bd2 Kg7 70. Kf4 Kh6 71. Kg3+ Kg7 72. g5 Bd1 73.
Bc3+ Kh7 74. Kh4 Bf3 75. g6+ Kh6 76. Bd2+ Kg7 77. Kg5 1-0

[Event "29. Erfurter Schachfestival 2019 - Meis"]
[Site "Erfurt"]
[Date "2019.12.26"]
[Round "1.15"]
[White "Wachsmann, Dietmar"]
[Black "Eckardt, Joshua"]
[Result "0-1"]
[WhiteElo "2032"]
[BlackElo "2277"]
[PlyCount "64"]
[EventDate "2019.12.26"]

1. e4 e6 2. d4 d5 3. Nc3 Nf6 4. e5 Nfd7 5. f4 c5 6. Nf3 Nc6 7. Be3 Be7 8. Qd2
O-O 9. Qf2 f6 10. exf6 Nxf6 11. h3 Ne4 12. Nxe4 dxe4 13. Ne5 Bh4 14. g3 cxd4
15. O-O-O dxe3 16. Qxe3 Qb6 17. Qxb6 axb6 18. gxh4 Nxe5 19. fxe5 Rxa2 20. Bg2
e3 21. Kb1 Ra5 22. Rd3 Rxe5 23. Re1 Rf2 24. Rf1 Ref5 25. Rxf2 Rxf2 26. Rxe3
Rxg2 27. Rd3 Rf2 28. Rb3 Bd7 29. Rxb6 Bc6 30. b4 Rf4 31. c3 Rxh4 32. b5 Bd5 0-1